|
|
|
|
| LEADER |
00000cam a2200000 4500 |
| 001 |
vtls012134405 |
| 003 |
SK-MaSNL |
| 005 |
20260302062338.0 |
| 008 |
220511s2021 xo oab g n 010 0 cze |
| 015 |
|
|
|a SNBA2023/01
|
| 020 |
|
|
|a 9788081960475
|q (Archeologický ústav SAV ;
|q viazané)
|
| 020 |
|
|
|a 9788022419079
|q (VEDA ;
|q viazané)
|
| 040 |
|
|
|a SNK
|b slo
|c SNK
|e rda
|
| 041 |
1 |
|
|a cze
|b eng
|
| 043 |
|
|
|a e-xo---
|
| 044 |
|
|
|a xo
|c SK
|
| 072 |
|
7 |
|a 903
|x Pravek
|2 konspekt
|
| 072 |
|
7 |
|a 902
|x Archeológia
|2 konspekt
|
| 080 |
|
|
|a 903.5
|2 2011
|
| 080 |
|
|
|a 718
|2 2011
|
| 080 |
|
|
|a 903.5(=15)
|2 2011
|
| 080 |
|
|
|a 902.2
|2 2011
|
| 080 |
|
|
|a 393.1:903.5
|2 2011
|
| 080 |
|
|
|a 393
|2 2011
|
| 080 |
|
|
|a (437.6)
|2 2011
|
| 080 |
|
|
|a (048.8)
|2 2011
|
| 100 |
1 |
|
|a Gardelková-Vrtelová, Anna,
|d 1985-
|4 aut
|9 229853
|
| 245 |
1 |
0 |
|a Pohřebiště Palárikovo v kontextu plochých keltských pohřebišť ve středním Podunají
|c Anna Gardelková-Vrtelová, Blažej Benadik ; anglické překlady Viera Tejbusová
|
| 264 |
|
1 |
|a Nitra
|b Archeologický ústav Slovenskej akadémie vied
|a Bratislava
|b Veda
|c 2021
|
| 300 |
|
|
|a 345 strán
|b fotografie, grafy, ilustrácie, mapy, tabuľky
|c 30 cm
|
| 336 |
|
|
|a text
|b txt
|2 rdacontent
|
| 336 |
|
|
|a statický obraz
|b sti
|2 rdacontent
|
| 337 |
|
|
|a bez média
|b n
|2 rdamedia
|
| 338 |
|
|
|a zväzok
|b nc
|2 rdacarrier
|
| 490 |
1 |
|
|a Archaeologica Slovaca Monographiae. Fontes
|v Tomus XXX
|
| 500 |
|
|
|a Obsahuje poznámky pod čiarou
|
| 504 |
|
|
|a Bibliografia na strane 164-181, bibliografické odkazy
|
| 546 |
|
|
|a Anglické resumé
|
| 650 |
0 |
7 |
|a pohrebiská
|2 SNKPH
|9 30462
|
| 650 |
0 |
7 |
|a keltské pohrebiská
|2 SNKPH
|9 98088
|
| 650 |
0 |
7 |
|a archeologické výskumy
|2 SNKPH
|9 74796
|
| 650 |
0 |
7 |
|a kostrové hroby
|2 SNKPH
|9 90143
|
| 650 |
0 |
7 |
|a pohreby
|2 SNKPH
|9 1976
|
| 650 |
0 |
7 |
|a Cemeteries
|2 SNKPHeng
|9 333285
|
| 650 |
0 |
7 |
|a Celtic burial remains
|2 SNKPHeng
|9 580713
|
| 650 |
0 |
7 |
|a Excavations (archaeology)
|2 SNKPHeng
|9 266742
|
| 650 |
0 |
7 |
|a Funeral rites and ceremonies
|2 SNKPHeng
|9 349717
|
| 651 |
|
7 |
|a Palárikovo (Slovensko)
|2 SNKPHgeo
|9 66577
|
| 651 |
|
7 |
|a Podunajský región (Slovensko)
|2 SNKPHgeo
|9 165861
|
| 651 |
|
7 |
|a Palárikovo (Slovakia)
|2 SNKPHeng
|9 318033
|
| 651 |
|
7 |
|a Podunajský región (Slovakia)
|2 SNKPHeng
|9 120103
|
| 655 |
|
7 |
|a monografie
|2 SNKPH
|9 70139
|
| 655 |
|
7 |
|a Monographs
|2 SNKPHeng
|9 120675
|
| 700 |
1 |
|
|a Benadik, Blažej,
|d 1919-2003
|4 aut
|9 49068
|
| 700 |
1 |
|
|a Tejbusová, Viera
|4 trl
|9 74515
|
| 710 |
2 |
|
|a Slovenská akadémia vied.
|b Archeologický ústav
|4 pbl
|9 193574
|
| 830 |
|
0 |
|a Archaeologica Slovaca Monographiae
|p Fontes
|9 395750
|
| 919 |
|
|
|a 978-80-8196-047-5
|
| 919 |
|
|
|a 978-80-224-1907-9
|
| 954 |
|
|
|a odborná, vedecká literatúra pôvodná (slovenská)
|2 lita
|
| 958 |
|
|
|a NB
|
| 999 |
|
|
|c 1128917
|d 1130847
|
| 952 |
|
|
|a SNK
|b SNK
|y PREZ
|7 0
|p 17A1513798
|o snkSB 98425
|i snk2022/14275
|8 0
|0 0
|1 0
|4 0
|d 2022-09-19
|f 1
|l 0
|r 2025-05-19 00:00:00
|w 2026-02-24
|